|
|
|
|
| LEADER |
00000nam a2200000 4500 |
| 001 |
vtls011813970 |
| 003 |
SK-MaSNL |
| 005 |
20260425233804.0 |
| 008 |
200205s2018 xo e l 000 0 slo |
| 015 |
|
|
|a SNBI2018
|
| 020 |
|
|
|a 9788081780509 (brožované)
|
| 035 |
|
|
|a urn:nbn:sk:snk-am00d6tt
|
| 035 |
|
|
|a urn:nbn:sk:snk-am3hrml
|
| 035 |
|
|
|a FDF4E76D-E357-4254-898D-C71E4CE927D4
|
| 040 |
|
|
|a SNK
|b slo
|c SNK
|e rda
|
| 041 |
0 |
|
|a slo
|
| 043 |
|
|
|a e-xo---
|
| 044 |
|
|
|a xo
|c SK
|
| 072 |
|
7 |
|a 351
|x Úlohy verejnej správy, správne opatrenia. Legislatíva
|2 konspekt
|
| 080 |
|
|
|a 351.712
|2 2011
|
| 080 |
|
|
|a (437.6)
|2 2011
|
| 080 |
|
|
|a (094.5)
|2 2011
|
| 110 |
1 |
|
|a Slovensko
|4 aut
|9 266955
|
| 240 |
1 |
0 |
|a Zákon o verejnom obstarávaní (2015, novela 2017)
|
| 245 |
1 |
0 |
|a Zákon č. 343/2015 Z.z. o verejnom obstarávaní a o zmene a doplnení niektorých zákonov
|b s účinnosťou od 8.11.2017
|
| 264 |
|
1 |
|a Bratislava
|b Verlag Dashöfer, vydavateľstvo, s.r.o.
|c 2018
|
| 300 |
|
|
|a 156 strán
|c 21 cm
|
| 336 |
|
|
|a text
|b txt
|2 rdacontent
|
| 337 |
|
|
|a bez média
|b n
|2 rdamedia
|
| 338 |
|
|
|a zväzok
|b nc
|2 rdacarrier
|
| 500 |
|
|
|a Ročník 1 ; nepravidelne aktualizované
|
| 500 |
|
|
|a Číslo ISBN podľa NA ISBN
|
| 500 |
|
|
|a Názov z obalu
|
| 650 |
0 |
7 |
|a verejné obstarávanie
|2 SNKPH
|9 4221
|
| 650 |
0 |
7 |
|a Public contracts
|2 SNKPHeng
|9 343778
|
| 651 |
|
7 |
|a Slovensko
|2 SNKPH
|9 14231
|
| 651 |
|
7 |
|a Slovakia
|2 SNKPHeng
|9 92630
|
| 655 |
|
7 |
|a zákony
|2 SNKPH
|9 70186
|
| 655 |
|
7 |
|a Laws
|2 SNKPHeng
|9 266957
|
| 919 |
|
|
|a 978-80-8178-050-9
|
| 999 |
|
|
|c 775698
|d 777628
|
| 952 |
|
|
|a SNK
|b SNK
|y PREZ
|7 0
|p 17A1339104
|o snkSC 181570
|i snk2018/24112
|8 0
|0 0
|1 0
|4 0
|d 2018-11-15
|f 1
|l 0
|r 2026-02-24 00:48:37
|w 2026-02-24
|
| 952 |
|
|
|a SNK
|b SNK
|y VYP
|7 0
|p 17A1339105
|o snkSC 181570 D1
|i snk2018/24113
|8 0
|0 0
|1 0
|4 0
|d 2018-11-15
|l 0
|r 2026-02-24 00:48:37
|w 2026-02-24
|